00387nam a2200145Ia 4500008004100000020001500041041000800056082001800064100002100082245004600103260005200149300000800201365001000209700002200219140306s9999 xx 000 0 und d a007100422X aeng a332.6bFUL/MO aFarrell, James L aModern investments and sescurity analysis aNew YorkbMc Graw-Hill Publishing Companyc1987 a666 bRs.14 aFuller, Russell J